000 00462nam a22001697a 4500
005 20250203110703.0
010 _aENG-143592
020 _a9789358195866
_c456.00
035 _aEN-127124
037 _bDBAD
082 _a230.1
100 _aGhosh, Sitanshu
_977317
245 _aThe Magnificence of the Mahabharata/
_cby Sitanshu Ghosh
260 _bBluerose Publishers
_c2020
300 _a364p.
_c20cm(pb)
942 _2ddc
_cEN
_h230.1
_mGHO
999 _c208803
_d208803